|
|
|
|
| LEADER |
00000nab a2200000 a 4500 |
| 001 |
vtls000755268 |
| 003 |
SK-MaSNL |
| 005 |
20260304104118.0 |
| 008 |
250429c2001 xo 0 slo |
| 015 |
|
|
|a SNBRB2001/04-13764
|
| 035 |
|
|
|a CLN000107055
|
| 035 |
|
|
|a (urnnbn)urn:nbn:sk:snk:ar-006or1
|
| 035 |
|
|
|a (uuid)031efe1f-9b44-4286-b1ac-73ccf60c6b96
|
| 035 |
|
|
|a urn:nbn:sk:snk-ab876a
|
| 040 |
|
|
|a SNKBUCL
|b slo
|c SNKBUCL
|e AACR2
|
| 041 |
0 |
|
|a slo
|
| 044 |
|
|
|a xo
|c SK
|
| 080 |
|
|
|a 619:618.19-002-08:636.2
|2 1997
|
| 080 |
|
|
|a 636.2.034.055.09
|2 1997
|
| 080 |
|
|
|a 619:615
|2 1997
|
| 080 |
|
|
|a 615
|2 1997
|
| 100 |
1 |
|
|a Vasiľ, Milan,
|d 1953-
|4 aut
|9 215838
|
| 245 |
1 |
0 |
|a Účinnosť dlhodobého uplatňovania preventívnych protimastitídnych metód a intramamárnej liečby prípravkami Cefa-Dri a Cefa-Lak (Fort Dodge, USA) v chove dojníc
|c Milan Vasiľ
|
| 300 |
|
|
|b Graf, tab.
|
| 650 |
0 |
7 |
|a dojnice
|x mastitída
|x liečba
|2 snkbucl
|9 1403643
|
| 650 |
0 |
7 |
|a mastitída (veterinárna medicína)
|2 snkbucl
|9 224559
|
| 650 |
0 |
7 |
|a veterinárne liečivá
|2 snkbucl
|9 58129
|
| 655 |
|
7 |
|a články z novín a časopisov
|2 snkbucl
|9 267496
|
| 773 |
0 |
|
|t Slovenský chov
|g Roč. 6, č. 2 (2001), s. 27 a 29-30
|x 1335-1990
|
| 850 |
|
|
|a Slovenská národná knižnica
|
| 852 |
|
|
|a Slovenská národná knižnica
|
| 954 |
|
|
|a odborná, vedecká literatúra pôvodná (slovenská)
|2 lita
|
| 958 |
|
|
|a article9
|
| 958 |
|
|
|a OND
|
| 958 |
|
|
|a EUIPO
|
| 999 |
|
|
|c 2850713
|d 2852643
|